All Countries Ever in South America - Statistics

General Stats
  • This quiz has been taken 202 times
  • The average score is 16 of 18
Answer Stats
Departure Country % Correct
- Colombia
97%
- Peru
97%
- Uruguay
97%
- Argentina
96%
- Brazil
96%
- Chile
96%
- Paraguay
96%
- Bolivia
95%
- Ecuador
94%
- France
94%
- Guyana
94%
- Suriname
94%
- Venezuela
94%
- United Kingdom
93%
1975 Netherlands
88%
1825 Spain
88%
1822 Portugal
87%
1839 Peru-BolivianConfederation
27%
No matching quizzes found
Score Distribution
Percent of People with Each Score
Percentile by Number Answered
Your Score History
You have not taken this quiz